සිරිසුදම්: අතිපූජ්ය පරගස්තොට සුධම්ම නාහිමි අභිනන්දන ධර්ම ශාස්ත්රීය සංග්රහය (Record no. 5264)
[ view plain ]
| 000 -LEADER | |
|---|---|
| fixed length control field | 00798nam a2200169Ia 4500 |
| 008 - FIXED-LENGTH DATA ELEMENTS--GENERAL INFORMATION | |
| fixed length control field | 180921t2018 xxu||||| |||| 00| 0 sin d |
| 041 ## - LANGUAGE CODE | |
| Language code of text/sound track or separate title | sin |
| 080 ## - UNIVERSAL DECIMAL CLASSIFICATION NUMBER | |
| Universal Decimal Classification number | 294.3 |
| Item number | SIR |
| 003 - CONTROL NUMBER IDENTIFIER | |
| control field | LK-CoDNM |
| 040 ## - CATALOGING SOURCE | |
| Original cataloging agency | LK-CoDNM |
| Modifying agency | LK-CoDNM |
| Description conventions | LK-CoDNM |
| 100 ## - MAIN ENTRY--PERSONAL NAME | |
| Personal name | පරගස්තොට ලක්ඛණ හිමි |
| Relator term | com. |
| 245 ## - TITLE STATEMENT | |
| Title | සිරිසුදම්: අතිපූජ්ය පරගස්තොට සුධම්ම නාහිමි අභිනන්දන ධර්ම ශාස්ත්රීය සංග්රහය |
| 246 ## - VARYING FORM OF TITLE | |
| Title proper/short title | Sisudam: athipujaya garagasthota sudhamma nahimi abhinandana darama shasthiya sangarahaya |
| 260 ## - PUBLICATION, DISTRIBUTION, ETC. | |
| Name of publisher, distributor, etc. | ලක්නා ප්රින්ටර්ස් |
| Place of publication, distribution, etc. | වාද්දූව |
| Date of publication, distribution, etc. | 2018 |
| 300 ## - PHYSICAL DESCRIPTION | |
| Other physical details | පි.87, xxx, සෙ.මී.21 |
| 942 ## - ADDED ENTRY ELEMENTS (KOHA) | |
| Koha item type | Books |
| Withdrawn status | Lost status | Damaged status | Not for loan | Collection | Home library | Current library | Date acquired | Full call number | Barcode | Date last seen | Price effective from | Koha item type |
|---|---|---|---|---|---|---|---|---|---|---|---|---|
| Monographs | Library National Museum Colombo - Sri Lanka | Library National Museum Colombo - Sri Lanka | 2022-03-14 | 294.3 SIR | P43421 | 2023-06-01 | 2023-06-01 | Books |


